000 00405nam a2200145Ia 4500
008 220217s9999||||xx |||||||||||||| ||und||
020 _a9788120321076
082 _a620.1 PAP
100 _aPapov, Egor P
_99316
245 0 _aEngineering mechanics of solids
250 _a2nd
260 _aPrentice hall of india private Ltd.
_bNew Delhi
_c2014
300 _aXVI, 864p.
_b525
650 _aMECHANICS
999 _c185325
_d185325